000 00249nam a2200097Ia 4500
001 711731
005 20250826162813.0
008 250824s9999 xx 000 0 und d
245 0 _aMAİ VE SİYAH
_cHALİT ZİYA UŞAKLIGİL
260 _bEVEREST YAYINLARI
999 _c711731
_d711731